Statistiche per Mappa dell'Asia orientale

Clicka qui per fare il quiz!

Statistiche generali

  • Questo quiz è stato fatto 793 volte
  • Il punteggio medio è 20 su 23

Risposte nella Mappa

Le risposte nella mappa del quiz sottostante sono codificate secondo una scala di colori dal rosso al verde in base alla % di persone che hanno risposto correttamente.
Caricamento ...
 

Statistiche sulle risposte

Answer% Corretto
Cina
98%
Corea del Nord
97%
India
97%
Giappone
96%
Mongolia
96%
Corea del Sud
96%
Sri Lanka
92%
Indonesia
91%
Filippine
90%
Maldive
89%
Nepal
88%
Vietnam
86%
Timor Est
86%
Taiwan
86%
Bangladesh
85%
Thailandia
85%
Malesia
84%
Cambogia
83%
Bhutan
80%
Laos
79%
Brunei
79%
Birmania
78%
Singapore
78%

Distribuzione punteggi

Percentile per numero di risposta

Percentuale di utenti per punteggio

I tuoi punteggi nel tempo

Non hai fatto questo quiz